YOGIRAJANCHA ASHRAM (Record no. 359252)

MARC details
000 -LEADER
fixed length control field 003350000a22001450004500
005 - DATE AND TIME OF LATEST TRANSACTION
control field 20120302063337.0
040 ## - CATALOGING SOURCE
Original cataloging agency MAR
100 ## - MAIN ENTRY--PERSONAL NAME
Personal name SAPRE, R.G.
245 ## - TITLE STATEMENT
Title YOGIRAJANCHA ASHRAM
260 ## - PUBLICATION, DISTRIBUTION, ETC. (IMPRINT)
Place of publication, distribution, etc MUMBAI : SAHITYA RASA MALA PRAKASHAN,1963
300 ## - PHYSICAL DESCRIPTION
Extent 101 P.
365 ## - TRADE PRICE
Price amount RS.2.50
650 ## - SUBJECT ADDED ENTRY--TOPICAL TERM
Topical term or geographic name as entry element ADHYATMA / SANKIRNA
942 ## - ADDED ENTRY ELEMENTS (KOHA)
Koha item type Book
Holdings
Withdrawn status Lost status Damaged status Not for loan Home library Current library Date acquired Total Checkouts Barcode Date last seen Price effective from
        Institute For Oriental Study, Thane Institute For Oriental Study, Thane 12/02/2009   IOS-M 20303 12/02/2009 12/02/2009